000 00636nam a2200217Ii 4500
003 JO-AjNU
008 230605s9999||||xx |||||||||||||| ||und||
017 _a1978/4781
040 _aJO-AjNU
_bara
_erda
_cJO-AjNU
041 _aara
050 1 4 _aBP190.B5.A5 1978
100 3 _aمحفوظ، علي,
_eauthor
_918742
245 0 0 _aالإبداع في مضار الإبتداع
250 _aط7
264 3 1 _aد.م: دار الاعتصام، 1978
300 _a458ص
336 _atext
_btxt
_2rdacontent
337 _aunmediated
_bn
_2rdamedia
338 _avolume
_bnc
_2rdacarrier
650 4 _aالبدع في الاسلام
_918743
999 _aA6052
_c9620
_d9620